MARC
| LEADER | 000000000a22000000004500 | ||
|---|---|---|---|
| 001 | 011461 | ||
| 020 | |a 0262620011 | ||
| 041 | 0 | |a eng | |
| 082 | 0 | 4 | |a 711.409.73 |b L987i |
| 100 | 1 | |a Lynch, Kevin, 1918 | |
| 245 | 1 | 4 | |a The image of the city = |b La imagen de la ciudad / |c Kevin Lynch. |
| 246 | 3 | 1 | |a La imagen de la ciudad |
| 260 | 1 | |a Cambridge, Mass : |b MIT, |c 1977. | |
| 300 | |a vii, 194 páginas : |b ilustraciones ; |c 21 cm. | ||
| 500 | |a Colección George Yúdice | ||
| 650 | 4 | |a URBANISMO | |
| 650 | 4 | |a ESTADOS UNIDOS | |
| 999 | |c 16752 |d 16752 | ||
| 942 | |c BK |h 711.409.73 L987i |2 z | ||
